Applied Psychology/ (Record no. 201129)
[ view plain ]
| 000 -LEADER | |
|---|---|
| fixed length control field | 00602nam a22002057a 4500 |
| 005 - DATE AND TIME OF LATEST TRANSACTION | |
| control field | 20240229120324.0 |
| 010 ## - LCCN (DPL NO) | |
| LC control number | ENG-139482 |
| 020 ## - INTERNATIONAL STANDARD BOOK NUMBER | |
| International Standard Book Number | 9788194031239 |
| Terms of availability | 475.00 |
| 035 ## - SYSTEM CONTROL NUMBER | |
| System control number | EN-123014 |
| 037 ## - SOURCE OF ACQUISITION | |
| Source of stock number/acquisition | DBAD/PUB |
| 082 ## - DEWEY DECIMAL CLASSIFICATION NUMBER | |
| Classification number | 158 |
| Edition number | 3 |
| 100 ## - MAIN ENTRY--PERSONAL NAME | |
| Personal name | Swain Smarak |
| 245 ## - TITLE STATEMENT | |
| Title | Applied Psychology/ |
| Remainder of title | For Civil Services Main Examination/ |
| Medium | English |
| 260 ## - PUBLICATION, DISTRIBUTION, ETC. (IMPRINT) | |
| Place of publication, distribution, etc | Gurugram |
| Name of publisher, distributor, etc | OakBridge Publishing Pvt. Ltd. |
| 270 ## - ADDRESS | |
| Address | M 35, 1st Floor, Old DLF, Grugram |
| City | Haryana |
| Postal code | 122001 |
| 300 ## - PHYSICAL DESCRIPTION | |
| Extent | 452Pages; |
| Dimensions | 24cm(pbk) |
| 700 ## - ADDED ENTRY--PERSONAL NAME | |
| 9 (RLIN) | 61835 |
| 760 ## - MAIN SERIES ENTRY | |
| Edition | 1 |
| 942 ## - ADDED ENTRY ELEMENTS (KOHA) | |
| Item type | English Books |
| Classification part | 158 |
| Source of classification or shelving scheme | Dewey Decimal Classification |
| Call number suffix | SWA |
| Withdrawn status | Lost status | Not for loan | Collection code | Home library | Current library | Date acquired | Source of acquisition | Cost, normal purchase price | Full call number | Barcode | Copy number | Cost, replacement price | Koha item type |
|---|---|---|---|---|---|---|---|---|---|---|---|---|---|
| Non-fiction | Bawana | Bawana | 29/02/2024 | DBAD | 475.00 | 158 SWA | EN-123014 | 1 | 475.00 | English Books |
